| 000 | 00685nam a2200241 a 4500 | ||
|---|---|---|---|
| 005 | 20251128063948.0 | ||
| 008 | 991125s1980 pam 000 0 spa u | ||
| 020 | _a8431305185 | ||
| 035 | _aUPN01000017286 | ||
| 049 | _aCG | ||
| 050 | 4 |
_aLC93 E5 _bO8.3 1980 |
|
| 100 | 1 | _aOtero, Oliveros F. | |
| 245 | 1 | 3 |
_aLa educación como rebeldia / _cOliveros F. Otero. |
| 250 | _a2a ed. | ||
| 260 |
_aPamplona : _bEUNZA, _c1980. |
||
| 300 | _a176 p. | ||
| 440 | 0 |
_aBiblioteca educación de nuestro tiempo ; _v2 |
|
| 650 | 4 |
_aEducación y Estado _zEspaña _913514 |
|
| 650 | 4 |
_aLIBERTAD ACADEMICA - _zESPAÑA |
|
| 650 | 4 |
_aEducación y Estado _919 |
|
| 905 | _aLibro | ||
| 999 |
_c17286 _d17286 |
||